Volvo Car Models Worldwide 2024-25 - Statistics

General Stats
  • This quiz has been taken 536 times
    131 since last reset
  • The average score is 16 of 21
Answer Stats
Hint Answer % Correct
Compact Crossover XC60
95%
Compact Crossover PHEV XC60 Recharge
95%
Midsize Crossover XC90
95%
Midsize Crossover PHEV XC90 Recharge
95%
Subcompact Crossover EV EX40
91%
Subcompact Crossover XC40
89%
Compact Sedan S60
82%
Compact Sedan PHEV S60 Recharge
82%
Compact Wagon V60
81%
Compact Wagon V60 Cross Country
81%
Compact Wagon PHEV V60 Recharge
81%
Midsize Wagon V90
81%
Midsize Wagon V90 Cross Country
81%
Midsize Sedan S90
77%
Midsize Sedan PHEV S90 Recharge
77%
Compact Hatchback V40
68%
Midsize Crossover EV EX90
63%
Subcompact Crossover EV EX30
59%
Subcompact Coupe Crossover EV EC40
50%
Midsize Sedan EV ES90
39%
Minivan EV EM90
26%
No matching quizzes found
Score Distribution
Percent of People with Each Score
Percentile by Number Answered
Your Score History
You have not taken this quiz since the last reset